Gone to Pitchipoi : A Boy's Desperate Fight for Survival in Wartime.

Bibliographic Details
Main Author: Katz, Rubin.
Format: eBook
Language:English
Published: Boston, MA : Academic Studies Press, 2012.
Edition:1st ed.
Series:Jews of Poland Series
Subjects:
Online Access:Click to View
LEADER 01513nam a22003853i 4500
001 EBC6527605
003 MiAaPQ
005 20231204023215.0
006 m o d |
007 cr cnu||||||||
008 231204s2012 xx o ||||0 eng d
020 |a 9781618116840  |q (electronic bk.) 
020 |z 9781618112347 
035 |a (MiAaPQ)EBC6527605 
035 |a (Au-PeEL)EBL6527605 
035 |a (OCoLC)823292777 
040 |a MiAaPQ  |b eng  |e rda  |e pn  |c MiAaPQ  |d MiAaPQ 
082 0 |a 940.5318092 
100 1 |a Katz, Rubin. 
245 1 0 |a Gone to Pitchipoi :  |b A Boy's Desperate Fight for Survival in Wartime. 
250 |a 1st ed. 
264 1 |a Boston, MA :  |b Academic Studies Press,  |c 2012. 
264 4 |c Ã2012. 
300 |a 1 online resource (347 pages) 
336 |a text  |b txt  |2 rdacontent 
337 |a computer  |b c  |2 rdamedia 
338 |a online resource  |b cr  |2 rdacarrier 
490 1 |a Jews of Poland Series 
588 |a Description based on publisher supplied metadata and other sources. 
590 |a Electronic reproduction. Ann Arbor, Michigan : ProQuest Ebook Central, 2023. Available via World Wide Web. Access may be limited to ProQuest Ebook Central affiliated libraries.  
655 4 |a Electronic books. 
776 0 8 |i Print version:  |a Katz, Rubin  |t Gone to Pitchipoi  |d Boston, MA : Academic Studies Press,c2012  |z 9781618112347 
797 2 |a ProQuest (Firm) 
830 0 |a Jews of Poland Series 
856 4 0 |u https://ebookcentral.proquest.com/lib/matrademy/detail.action?docID=6527605  |z Click to View